000 01262cab a2200385 4500
001 ABS48272
008 090401t1993 xxu||||| |||| 00| 0 eng d
035 _a(Sirsi) u65846
041 _aeng
245 _aEuropean distribution
260 _c1993
350 _a0
490 _aEstates Gazette
_v(9309) 6 March 1993, 53-79(16)
520 _aSpecial feature on the distribution of goods in Europe and its effect on property. Includes articles on new research into distribution markets by St Quintin and Heriot-watt University; EC legislation affecting potential location sites for distribution centres; the role of the UK including a list of major distribution schemes and France, Germany, Belgium and Eastern Europe.
650 _aDISTRIBUTION CENTRES
650 _aDUSSELDORF
650 _aEC DIRECTIVES
650 _aEC LEGISLATION
650 _aENVIRONMENTAL TAXES
650 _aERM
650 _aEXCHANGE RATE MECHANISM
650 _aFRANKFURT
650 _aHAMBURY
650 _aIDI
650 _aMUNICH
650 _aPOLAND
650 _aRENTS
650 _aROAD HAULAGE
650 _aSOCIAL CHAPTER
650 _aSTUTTGART
650 _aWAREHOUSES
690 _aOVERSEAS-EUROPE
942 _n0
948 _c04/03/1997
999 _c41116
_d41116